Campeones de la Ligue 1 - Estadísticas

Estadísticas generales
  • Esta prueba ha sido intentada 2.505 veces
    2.356 desde el último reinicio
  • La puntuación promedio es 10 de 19
Estadísticas de respuestas
Año Campeón % Correcto
1986, 1994, 2013, 2014, 2015, 2016, 2018, 2019, 2020, 2022, 2023, 2024, 2025, 2026 Paris Saint-Germain
100%
2002, 2003, 2004, 2005, 2006, 2007, 2008 Olympique de Lyon
96%
1937, 1948, 1971, 1972, 1989, 1990, 1991, 1992, 2010 Olympique de Marsella
94%
1961, 1963, 1978, 1982, 1988, 1997, 2000, 2017 Mónaco
87%
1946, 1954, 2011, 2021 Lille
81%
1950, 1984, 1985, 1987, 1999, 2009 Girondins de Burdeos
59%
1965, 1966, 1973, 1977, 1980, 1983, 1995, 2001 Nantes
59%
1951, 1952, 1956, 1959 Nice
57%
1957, 1964, 1967, 1968, 1969, 1970, 1974, 1975, 1976, 1981 Saint-Étienne
56%
2012 Montpellier Hérault
51%
1998 Lens
47%
1979 Racing Estrasburgo
42%
1949, 1953, 1955, 1958, 1960, 1962 Stade de Reims
41%
1996 Auxerroise
32%
1936 Racing Club Paris
17%
1935, 1938 Sochaux-Montbéliard
12%
1934, 1939 Sète
9%
1947 Roubaix-Tourcoing
8%
1933 Olympique Lillois
7%
No se encontraron pruebas coincidentes
Distribución de puntuación
Porcentaje de gente con cada puntuación
Porcentaje por número respondido
Historial de tus puntuaciones
No has intentado esta prueba desde el último reinicio